[Event "Titled Tuesday intern op 13th Feb Late"]
[Site "Chess.com INT"]
[Date "2024.02.13"]
[Round "1"]
[White "Curtis, John"]
[Black "Mahitosh, Dey"]
[Result "1/2-1/2"]
[WhiteElo "2292"]
[BlackElo "2232"]
[PlyCount "117"]
[EventDate "2024.02.13"]
[EventType "swiss (blitz)"]
[EventRounds "11"]
[EventCountry "USA"]
[SourceTitle "CB08_2024"]
[SourceDate "2024.02.21"]
[SourceVersion "1"]
[SourceVersionDate "2024.02.21"]
[SourceQuality "1"]

1. d4 d5 2. Nf3 Nf6 3. c4 e6 4. Nc3 Be7 5. Bg5 0-0 6. e3 Nbd7 7. a3 dxc4 8. Bxc4 b6 9. Qe2 Bb7 10. Rd1 Nd5 11. Bxe7 Qxe7 12. Qc2 Rac8 13. Nxd5 Bxd5 14. Bxd5 exd5 15. Qa4 c5 16. Qxa7 c4 17. Ne5 Rfd8 18. Qb7 Qd6 19. Nxd7 Qxd7 20. Qxd7 Rxd7 21. Rc1 b5 22. Ke2 b4 23. axb4 Rb7 24. b3 Rxb4 25. bxc4 dxc4 26. Rc2 Kf8 27. Rhc1 Ke7 28. e4 Ke6 29. Ke3 f5 30. f3 g5 31. g3 h5 32. Rc3 g4 33. d5+ Kd6 34. fxg4 hxg4 35. Kd4 fxe4 36. Rxc4 Rbxc4+ 37. Rxc4 Rxc4+ 38. Kxc4 Ke5 39. d6 Kxd6 40. Kd4 e3 41. Kxe3 Ke5 42. Kd3 Kd5 43. Ke3 Ke5 44. Kf2 Kd4 45. h4 gxh3 46. Kg1 Ke5 47. Kh2 Kf5 48. Kxh3 Kg5 49. g4 Kg6 50. Kh4 Kh6 51. g5+ Kg6 52. Kg4 Kg7 53. Kf5 Kf7 54. g6+ Kg7 55. Kg5 Kg8 56. Kg4 Kg7 57. Kg5 Kg8 58. Kh5 Kg7 59. Kg5 1/2-1/2

[Event "Titled Tuesday intern op 23rd Jan Late"]
[Site "Chess.com INT"]
[Date "2024.01.23"]
[Round "7"]
[White "Curtis, John"]
[Black "Manukian, Artak"]
[Result "0-1"]
[WhiteElo "2292"]
[BlackElo "2196"]
[PlyCount "104"]
[EventDate "2024.01.23"]
[EventType "swiss (blitz)"]
[EventRounds "11"]
[EventCountry "USA"]
[SourceTitle "CB05_2024"]
[SourceDate "2024.01.31"]
[SourceVersion "1"]
[SourceVersionDate "2024.01.31"]
[SourceQuality "1"]

1. d4 d5 2. Nf3 Nf6 3. e3 Bg4 4. c4 e6 5. Qb3 Bxf3 6. Qxb7 Bxg2 7. Bxg2 Nbd7 8. c5 Be7 9. Nc3 0-0 10. Qa6 e5 11. 0-0 e4 12. Qc6 Qc8 13. Nxd5 Nxd5 14. Qxd5 Nf6 15. Qg5 Qe6 16. Qf4 Rad8 17. b3 Rd5 18. f3 g5 19. Qg3 h5 20. fxe4 Nxe4 21. Qf3 f5 22. Qxh5 Kg7 23. Bxe4 Qxe4 24. Qf3 Qe6 25. Qg2 Rh8 26. Bd2 Rh4 27. Rf2 Rg4 28. Raf1 Rxg2+ 29. Rxg2 g4 30. h3 Bg5 31. hxg4 Bxe3+ 32. Bxe3 Qxe3+ 33. Rff2 f4 34. g5 Rxd4 35. Kh2 f3 36. Kg3 fxg2+ 37. Kxg2 Rg4+ 38. Kf1 Rf4 39. Rxf4 Qxf4+ 40. Ke2 Qxg5 41. Kd3 Qxc5 42. b4 Qxb4 43. a3 Qxa3+ 44. Kc4 Qd6 45. Kb5 c5 46. Kc4 Qd4+ 47. Kb5 Qb4+ 48. Kc6 c4 49. Kd5 c3 50. Ke6 c2 51. Ke5 c1Q 52. Kd5 Qcc5+ 0-1

[Event "Titled Tuesday intern op 16th Jan Late"]
[Site "Chess.com INT"]
[Date "2024.01.16"]
[Round "1"]
[White "Kim, Sergey2"]
[Black "Curtis, John"]
[Result "1-0"]
[WhiteElo "2295"]
[BlackElo "2292"]
[PlyCount "103"]
[EventDate "2024.01.16"]
[EventType "swiss (blitz)"]
[EventRounds "11"]
[EventCountry "USA"]
[SourceTitle "CB04_2024"]
[SourceDate "2023.10.16"]
[SourceVersion "1"]
[SourceVersionDate "2023.10.16"]
[SourceQuality "1"]

1. d4 Nf6 2. c4 e6 3. Nc3 d5 4. Nf3 Be7 5. Bf4 c6 6. e3 0-0 7. c5 Nh5 8. Be5 Nd7 9. Bd3 f5 10. b4 g6 11. h3 b6 12. Bh2 a5 13. a3 bxc5 14. bxc5 Bf6 15. Qc2 a4 16. 0-0 Qa5 17. Bd6 Re8 18. Rab1 Ba6 19. Bxa6 Qxa6 20. Rb4 Be7 21. Bh2 Nhf6 22. Rxa4 Qc8 23. Rb1 Ne4 24. Nxe4 fxe4 25. Ne5 Nxe5 26. Bxe5 Rxa4 27. Qxa4 Qa8 28. Qxa8 Rxa8 29. Rb8+ Rxb8 30. Bxb8 Kf8 31. Bc7 Ke8 32. a4 Kd7 33. Bb6 Kc8 34. f3 Bf6 35. fxe4 dxe4 36. Kf2 e5 37. dxe5 Bxe5 38. g4 h5 39. Ke2 Kb7 40. Kd2 hxg4 41. hxg4 Ka6 42. Kc2 Bf6 43. Kb3 Be5 44. Kc4 Bf6 45. Bc7 Kb7 46. Bg3 Ka6 47. Be1 Bg7 48. Bc3 Bf8 49. Be5 Ka5 50. Kd4 Kxa4 51. Bd6 Kb5 52. Bxf8 1-0

[Event "Titled Tuesday intern op 16th Jan Late"]
[Site "Chess.com INT"]
[Date "2024.01.16"]
[Round "3"]
[White "Rian, Kapriaga"]
[Black "Curtis, John"]
[Result "1-0"]
[WhiteElo "2089"]
[BlackElo "2292"]
[PlyCount "63"]
[EventDate "2024.01.16"]
[EventType "swiss (blitz)"]
[EventRounds "11"]
[EventCountry "USA"]
[SourceTitle "CB04_2024"]
[SourceDate "2023.10.16"]
[SourceVersion "1"]
[SourceVersionDate "2023.10.16"]
[SourceQuality "1"]

1. d4 Nf6 2. Nf3 d5 3. Bf4 Nh5 4. Bg5 h6 5. Bh4 g5 6. Bg3 Nxg3 7. hxg3 Bg7 8. e3 Bg4 9. Be2 Bxf3 10. Bxf3 c6 11. c3 e6 12. Nd2 Nd7 13. Qe2 f5 14. Qd1 g4 15. Be2 h5 16. Qc2 h4 17. gxh4 Rxh4 18. 0-0-0 Qf6 19. c4 Rxh1 20. Rxh1 Ke7 21. Qa4 c5 22. Qa3 Kf7 23. cxd5 exd5 24. dxc5 Qe7 25. Nb3 Rc8 26. Kb1 Nxc5 27. Rc1 b6 28. Nd4 Bxd4 29. exd4 Qxe2 30. dxc5 Rxc5 31. Qxa7+ Kg8 32. Rxc5 1-0

[Event "Titled Tuesday intern op 16th Jan Late"]
[Site "Chess.com INT"]
[Date "2024.01.16"]
[Round "10"]
[White "Yedidia, Jonathan"]
[Black "Curtis, John"]
[Result "1-0"]
[WhiteElo "2360"]
[BlackElo "2292"]
[PlyCount "105"]
[EventDate "2024.01.16"]
[EventType "swiss (blitz)"]
[EventRounds "11"]
[EventCountry "USA"]
[SourceTitle "CB04_2024"]
[SourceDate "2023.10.16"]
[SourceVersion "1"]
[SourceVersionDate "2023.10.16"]
[SourceQuality "1"]

1. d4 Nf6 2. c4 g6 3. Nc3 d5 4. Nf3 Bg7 5. Bg5 Ne4 6. Bf4 c6 7. e3 0-0 8. Qb3 dxc4 9. Bxc4 Nd6 10. Be2 Be6 11. Qc2 a5 12. 0-0 Na6 13. e4 Bg4 14. Rad1 Rc8 15. h3 Be6 16. Rfe1 Bc4 17. Bxc4 Nxc4 18. Qb3 b5 19. a4 Nc7 20. axb5 cxb5 21. Nxb5 Nxb5 22. Qxb5 Qe8 23. Qxe8 Rfxe8 24. b3 Nb6 25. Rc1 a4 26. bxa4 Nxa4 27. d5 Nc3 28. Kf1 f5 29. exf5 Nxd5 30. Rxc8 Rxc8 31. Bg5 gxf5 32. Bxe7 Nxe7 33. Rxe7 Bf6 34. Re6 Kf7 35. Re1 Rc7 36. g3 Ra7 37. Kg2 h6 38. Rb1 Rc7 39. Rb5 Kg6 40. Rb6 Kf7 41. Rb5 Kg6 42. h4 Ra7 43. h5+ Kxh5 44. Rxf5+ Kg6 45. Rb5 Ra6 46. Nh2 Rc6 47. Ng4 Bg7 48. f4 h5 49. Ne3 Ra6 50. Kf3 Bd4 51. Rg5+ Kf6 52. Nd5+ Ke6 53. Rxh5 1-0

[Event "Titled Tuesday intern op 24th Oct Late"]
[Site "Chess.com INT"]
[Date "2023.10.24"]
[Round "2"]
[White "Curtis, John"]
[Black "Ambartsumova, Karina"]
[Result "0-1"]
[WhiteElo "2292"]
[BlackElo "2418"]
[PlyCount "158"]
[EventDate "2023.10.24"]
[EventType "swiss (blitz)"]
[EventRounds "11"]
[EventCountry "USA"]
[SourceTitle "Mega2024 Update 01"]
[Source "Chessbase"]
[SourceDate "2023.11.12"]
[SourceVersion "1"]
[SourceVersionDate "2023.11.12"]
[SourceQuality "1"]

1. d4 Nf6 2. c4 g6 3. Nf3 Bg7 4. g3 0-0 5. Bg2 d6 6. 0-0 c6 7. Nc3 Bf5 8. Nh4 Be6 9. d5 cxd5 10. cxd5 Bd7 11. e4 a5 12. h3 Na6 13. Be3 b5 14. Rc1 b4 15. Ne2 Bb5 16. Re1 Rc8 17. Qd2 Rxc1 18. Rxc1 Bd7 19. Kh2 Qb8 20. Nd4 Nc5 21. f3 Rc8 22. Bf1 Ne8 23. Ng2 Nc7 24. Ne1 Nb5 25. Nxb5 Bxb5 26. Bg2 Nd7 27. Rxc8+ Qxc8 28. f4 Qc4 29. b3 Qc7 30. Bd4 Bxd4 31. Qxd4 Qc1 32. Nf3 Qc2 33. Qd2 Qxd2 34. Nxd2 Nc5 35. Kg1 Nd3 36. Bf1 Kf8 37. Be2 Ke8 38. Kf1 Kd7 39. Nf3 Kc7 40. Ng5 f6 41. Nxh7 Kb6 42. Nf8 Nc1 43. Nxg6 Bxe2+ 44. Kf2 Bh5 45. Nxe7 Nxa2 46. g4 Bf7 47. h4 a4 48. h5 axb3 49. h6 b2 50. h7 b1Q 51. h8Q Qc2+ 52. Kg3 Qc3+ 53. Kh4 Qc7 54. Qf8 Bg6 55. Qxf6 Bxe4 56. Nf5 Bxf5 57. gxf5 b3 58. Qb2 Qc2 59. Qa3 b2 60. Qxd6+ Kb5 61. Qd7+ Kc4 62. f6 b1Q 63. Qc6+ Kd3 64. Qe6 Qh2+ 65. Kg5 Qbg1+ 66. Kf5 Qh3+ 67. Ke5 Qe1+ 68. Kd6 Qhxe6+ 69. dxe6 Nb4 70. f7 Nc6 71. f8Q Nd4 72. Qf6 Qe4 73. f5 Qc6+ 74. Ke7 Qc7+ 75. Ke8 Qc8+ 76. Kf7 Nc6 77. e7 Qd7 78. Qe6 Nd8+ 79. Kf8 Nxe6+ 0-1

[Event "Titled Tuesday intern op 24th Oct Late"]
[Site "Chess.com INT"]
[Date "2023.10.24"]
[Round "5"]
[White "Curtis, John"]
[Black "Ljubarov, Mark"]
[Result "0-1"]
[WhiteElo "2292"]
[BlackElo "2305"]
[PlyCount "60"]
[EventDate "2023.10.24"]
[EventType "swiss (blitz)"]
[EventRounds "11"]
[EventCountry "USA"]
[SourceTitle "Mega2024 Update 01"]
[Source "Chessbase"]
[SourceDate "2023.11.12"]
[SourceVersion "1"]
[SourceVersionDate "2023.11.12"]
[SourceQuality "1"]

1. d4 Nf6 2. c4 e6 3. Nf3 d5 4. e3 Be7 5. Nc3 0-0 6. a3 b6 7. cxd5 exd5 8. Bd3 c5 9. Ne5 Bb7 10. 0-0 Nc6 11. Nxc6 Bxc6 12. Bf5 a5 13. Bd2 Bd7 14. Bd3 c4 15. Bb1 b5 16. e4 dxe4 17. Nxe4 Bc6 18. Qf3 Nxe4 19. Bxe4 Bxe4 20. Qxe4 Re8 21. Qg4 b4 22. axb4 axb4 23. Rae1 Qc8 24. Qg3 Bf8 25. Rd1 Qc6 26. Bc1 Qd5 27. h4 Rac8 28. Be3 c3 29. bxc3 bxc3 30. Rc1 c2 0-1

[Event "Titled Tuesday intern op 24th Oct Late"]
[Site "Chess.com INT"]
[Date "2023.10.24"]
[Round "9"]
[White "Curtis, John"]
[Black "Marcziter, Dmitrii"]
[Result "0-1"]
[WhiteElo "2292"]
[BlackElo "2223"]
[PlyCount "70"]
[EventDate "2023.10.24"]
[EventType "swiss (blitz)"]
[EventRounds "11"]
[EventCountry "USA"]
[SourceTitle "Mega2024 Update 01"]
[Source "Chessbase"]
[SourceDate "2023.11.12"]
[SourceVersion "1"]
[SourceVersionDate "2023.11.12"]
[SourceQuality "1"]

1. d4 Nf6 2. Nf3 g6 3. g3 Bg7 4. Bg2 0-0 5. 0-0 d5 6. c4 Nc6 7. cxd5 Nxd5 8. h3 Nb6 9. e3 Re8 10. Bd2 Bf5 11. g4 Bd3 12. Re1 e5 13. Bc3 e4 14. Nfd2 Nd5 15. a3 f5 16. Nb3 b6 17. Nc1 Ba6 18. Bd2 f4 19. Nc3 f3 20. Qb3 Nce7 21. Nxd5 Qxd5 22. Qxd5+ Nxd5 23. Bf1 Bxf1 24. Kxf1 c5 25. Nb3 Rac8 26. dxc5 Bxb2 27. Ra2 Be5 28. cxb6 axb6 29. Rd1 Nc3 30. Bxc3 Rxc3 31. Nd2 Rd8 32. Ke1 Rcd3 33. Rc2 Bc3 34. Rxc3 Rxc3 35. a4 Rcd3 0-1

[Event "Titled Tuesday intern op 26th Sep Late"]
[Site "Chess.com INT"]
[Date "2023.09.26"]
[Round "7"]
[White "Curtis, John"]
[Black "Bold, Andre"]
[Result "1/2-1/2"]
[WhiteElo "2292"]
[BlackElo "2194"]
[PlyCount "91"]
[EventDate "2023.09.26"]
[EventType "swiss (blitz)"]
[EventRounds "11"]
[EventCountry "USA"]
[SourceTitle "EXT 2024"]
[Source "ChessBase"]
[SourceDate "2023.10.10"]
[SourceVersion "1"]
[SourceVersionDate "2023.10.10"]
[SourceQuality "1"]

1. a3 d5 2. e3 e5 3. b4 g6 4. Bb2 Bg7 5. f4 Nd7 6. Nf3 Qe7 7. Nc3 c6 8. fxe5 Nxe5 9. Be2 Nh6 10. 0-0 0-0 11. Nd4 Nf5 12. Nxf5 Bxf5 13. h3 b5 14. Rc1 a5 15. bxa5 Rxa5 16. Qe1 Nc4 17. Bxc4 bxc4 18. Qg3 Be5 19. Qe1 Bd7 20. a4 Rb8 21. Ba1 Qd6 22. Qf2 Be6 23. Ne2 Rxa4 24. Bxe5 Qxe5 25. Nd4 Ra6 26. Rb1 Rab6 27. Ra1 c5 28. Nxe6 Qxe6 29. Ra7 R6b7 30. Ra5 Rc8 31. c3 Rbc7 32. Qh4 f5 33. Rfa1 Qe7 34. Qxe7 Rxe7 35. Rb5 d4 36. Raa5 dxe3 37. dxe3 Rxe3 38. Rb7 Rxc3 39. Raa7 Re3 40. Rg7+ Kf8 41. Rxh7 Kg8 42. Rag7+ Kf8 43. Rb7 Kg8 44. Rbg7+ Kf8 45. Rb7 Kg8 46. Rbg7+ 1/2-1/2

[Event "Titled Tuesday intern op 19th Sep Late"]
[Site "Chess.com INT"]
[Date "2023.09.19"]
[Round "8"]
[White "Curtis, John"]
[Black "Polaczek, Richard"]
[Result "0-1"]
[WhiteElo "2292"]
[BlackElo "2302"]
[PlyCount "74"]
[EventDate "2023.09.19"]
[EventType "swiss (blitz)"]
[EventRounds "11"]
[EventCountry "USA"]
[SourceTitle "EXT 2024"]
[Source "ChessBase"]
[SourceDate "2023.10.10"]
[SourceVersion "1"]
[SourceVersionDate "2023.10.10"]
[SourceQuality "1"]

1. e4 Nf6 2. e5 Nd5 3. d4 d6 4. exd6 cxd6 5. Nf3 g6 6. g3 Bg7 7. Bg2 0-0 8. 0-0 Nf6 9. c4 Bg4 10. h3 Bxf3 11. Bxf3 Nc6 12. Nc3 Nd7 13. Be3 Rc8 14. Rc1 e5 15. dxe5 dxe5 16. Bxc6 bxc6 17. Qa4 Nb6 18. Qb4 Qc7 19. Bc5 Rfe8 20. b3 f5 21. Rcd1 e4 22. Be3 Nd7 23. Qd6 Qxd6 24. Rxd6 Ne5 25. Ne2 a5 26. Rfd1 a4 27. Nf4 axb3 28. axb3 Rb8 29. Ne6 Bh8 30. Nc5 Ra8 31. Kg2 Ra2 32. Re6 Rxe6 33. Nxe6 Kf7 34. Ng5+ Ke8 35. Bf4 Nd3 36. Ne6 Rxf2+ 37. Kg1 Rf3 0-1

[Event "Titled Tuesday intern op 05th Sep Late"]
[Site "Chess.com INT"]
[Date "2023.09.05"]
[Round "4"]
[White "Curtis, John"]
[Black "Carrasco Miranda, Andres"]
[Result "0-1"]
[WhiteElo "2292"]
[BlackElo "2241"]
[PlyCount "44"]
[EventDate "2023.09.05"]
[EventType "swiss (blitz)"]
[EventRounds "11"]
[EventCountry "USA"]
[SourceTitle "EXT 2024"]
[Source "ChessBase"]
[SourceDate "2023.10.10"]
[SourceVersion "1"]
[SourceVersionDate "2023.10.10"]
[SourceQuality "1"]

1. d4 Nf6 2. c4 g6 3. Nc3 Bg7 4. e4 d6 5. f3 0-0 6. Be3 c5 7. Nge2 Nc6 8. Qd2 Qa5 9. Rd1 e5 10. dxe5 dxe5 11. b3 Nd4 12. Kf2 Nh5 13. Nd5 Qd8 14. b4 b6 15. bxc5 bxc5 16. Nec3 Rb8 17. Bg5 f6 18. Bh6 Bxh6 19. Qxh6 f5 20. h4 Be6 21. exf5 Bxf5 22. Rd2 e4 0-1